Empires in the dust : ancient civilizations brought to light /
محفوظ في:
المؤلف الرئيسي:
التنسيق: كتاب
اللغة: English
منشور في:
New York :
Bantam Pathfinder editions,
1966.
الطبعة: 2nd printing.
الموضوعات:
الوسوم: إضافة وسم
لا توجد وسوم, كن أول من يضع وسما على هذه التسجيلة!
رقم الطلب: CB301 .S5 1966
| LEADER | 00654nam a2200229I 4500 | ||
|---|---|---|---|
| 001 | 7223 | ||
| 003 | OSt | ||
| 005 | 20251123104753.0 | ||
| 008 | 130303s1966 nyu 000 0 eng d | ||
| 010 | |z 63017057 | ||
| 035 | |a ocm00718452 | ||
| 040 | |c ARCE Library | ||
| 050 | 4 | |a CB301 .S5 1966 | |
| 100 | 1 | |a Silverberg, Robert, |e author |9 40091 | |
| 245 | 1 | 0 | |a Empires in the dust : |b ancient civilizations brought to light / |c Robert Silverberg. |
| 250 | |a 2nd printing. | ||
| 264 | 1 | |a New York : |b Bantam Pathfinder editions, |c 1966. | |
| 300 | |a 214 pages ; |c 18 cm. | ||
| 650 | 0 | |a Civilization, Ancient. | |
| 901 | |a reviewed | ||
| 942 | |c BK |2 lcc | ||
| 999 | |c 9612 |d 9612 | ||
